Actor / Actress by their Movies #2 - Statistics

General Stats
  • This quiz has been taken 94 times
  • The average score is 8 of 10
Answer Stats
Hint Answer % Correct
Rush Hour / Shanghai Noon / The Spy Next Door / The Karate Kid Jackie Chan
95%
The Wolf of Wall Street / I, Tonya / The Suicide Squad / Barbie Margot Robbie
94%
Happy Gilmore / The Waterboy / 50 First Dates / You Don't Mess with the Zohan Adam Sandler
86%
Easy A / Superbad / La La Land / The Amazing Spider-Man Emma Stone
86%
Kramer vs. Kramer / Sophie's Choice / The Devil Wears Prada / The Iron Lady Meryl Streep
84%
Good Will Hunting / Invictus / Ocean's Eleven / The Bourne Identity Matt Damon
82%
Fast & Furious / Wonder Woman / Death on the Nile / Red Notice Gal Gadot
80%
Lethal Weapon / Braveheart / Air America / Mad Max Mel Gibson
79%
The Italian Job / Ted / Shooter / Planet of the Apes Mark Wahlberg
77%
Now You See Me / Definitely, Maybe / The Great Gatsby / Tag Isla Fisher
26%
No matching quizzes found
Score Distribution
Percent of People with Each Score
Percentile by Number Answered
Your Score History
You have not taken this quiz